Técnicas participativas para la educación popular: ilustradas
Gespeichert in:
| Körperschaft: | |
|---|---|
| Format: | Buch |
| Sprache: | Spanisch |
| Veröffentlicht: |
Buenos Aires
Lumen Humanitas
1996
|
| Schlagworte: | |
| Tags: |
Tag hinzufügen
Keine Tags, Fügen Sie den ersten Tag hinzu!
|
MARC
| LEADER | 00000nam a2200000 a 4500 | ||
|---|---|---|---|
| 001 | UCQ8992 | ||
| 003 | CL-VaPUC | ||
| 008 | 981218e19960000AG |||||||||||||||||spa|d | ||
| 082 | 0 | 4 | |a 371.3 |b ALF |2 21 |
| 110 | 2 | |a Alforja |e author |9 423369 | |
| 245 | 1 | 0 | |a Técnicas participativas para la educación popular: ilustradas |
| 300 | |a p. irreg | ||
| 942 | |c BK | ||
| 945 | |d 19981218 00:00:00 |a aarredon | ||
| 260 | |a Buenos Aires |b Lumen Humanitas |c 1996 | ||
| 650 | 0 | |a Educación popular |9 308964 | |
| 650 | 0 | |a Dinámica de grupos |9 259862 | |
| 650 | 0 | |a Comportamiento social |9 334200 | |
| 650 | 0 | |a Psicología social |9 222894 | |
| 583 | |a last modification |c 20130101 09:39:38 |k Rodrigo Vera | ||
| 999 | |c 278154 |d 278152 | ||
| 952 | |0 0 |1 0 |4 0 |6 371_300000000000000_ALF_1996 |7 0 |8 A |9 316549 |a BIBGIM |b BIBGIM |d 2019-11-20 |i 3490823 |o 371.3 ALF 1996 |p 3490823 |r 2025-01-15 |w 2019-11-20 |y BK |k SSL | ||
| 952 | |0 0 |1 0 |4 0 |6 371_300000000000000_ALF_1996 |7 0 |8 A |9 316550 |a BIBGIM |b BIBGIM |d 2019-11-20 |i 4745248 |o 371.3 ALF 1996 |p 4745248 |r 2025-01-15 |w 2019-11-20 |y BK |k SSL | ||